[Event "Paris Apsap 61mn KO op 34th"]
[Site "Paris"]
[Date "2002.??.??"]
[Round "1"]
[White "Valat, Florian"]
[Black "Lonq, A."]
[Result "1-0"]
[WhiteElo "2143"]
[BlackElo "1760"]
[PlyCount "45"]
[EventDate "2002.08.18"]
[EventType "swiss (rapid)"]
[EventRounds "7"]
[EventCountry "FRA"]
[SourceTitle "EXT 2003"]
[Source "ChessBase"]
[SourceDate "2002.11.25"]
[SourceVersion "1"]
[SourceVersionDate "2002.11.25"]
[SourceQuality "1"]

1. d4 d5 2. c4 c6 3. cxd5 cxd5 4. Nc3 Nf6 5. Nf3 e6 6. Bg5 Be7 7. e3 Ne4 8. Bxe7 Qxe7 9. Bd3 f5 10. Ne5 0-0 11. 0-0 Nd7 12. f4 Nxe5 13. fxe5 a6 14. Ne2 Bd7 15. Nf4 Be8 16. Bxe4 fxe4 17. Qg4 Bf7 18. Rf2 Kh8 19. Raf1 g5 20. Nh3 h6 21. Rf6 Bg8 22. Rxh6+ Kg7 23. Rhf6 1-0